| 000 | 00000nam 2200000zi 4500 |
| 001 | 9.921645 |
| 003 | CaOODSP |
| 005 | 20231124145133 |
| 006 | m o d f |
| 007 | cr mn||||||||| |
| 008 | 230412t20232023onca o f000 0 ||| d |
| 020 | |a9780660483580 |
| 040 | |aCaOODSP|beng|erda|cCaOODSP |
| 041 | 7|acrg|2iso639-3 |
| 043 | |an-cn--- |
| 086 | 1 |aH14-424/3-2022Crg-PDF |
| 245 | 00|aKenadaw li dawnchee weechihiwaywin. |
| 250 | |a[Michif edition]. |
| 264 | 1|a[Ottawa] : |bGovernment of Canada = Gouvernement du Canada, |c[2023] |
| 264 | 4|c©2023 |
| 300 | |a1 online resource (1 page) : |billustrations |
| 336 | |atext|btxt|2rdacontent |
| 337 | |acomputer|bc|2rdamedia |
| 338 | |aonline resource|bcr|2rdacarrier |
| 500 | |aIssued also in English under title: Canada Dental Benefit factsheet; and in French under title: Feuillet d'information sur la Prestation dentaire canadienne. |
| 500 | |aPublication file replaced with new one at request of author department, 24 November 2023. |
| 500 | |aIssued by: Health Canada. |
| 500 | |a"Pub.: 230042." |
| 546 | |aText in Michif. |
| 650 | 0|aChildren|xDental care|zCanada|xFinance. |
| 650 | 0|aChildren|xDental care|xGovernment policy|zCanada. |
| 710 | 1 |aCanada. |bHealth Canada, |eissuing body. |
| 775 | 08|tCanada Dental Benefit factsheet.|w(CaOODSP)9.918252 |
| 792 | |tKenadaw li dawnchee weechihiwaywin.|efre|w(CaOODSP)9.921646 |
| 856 | 40|qPDF|s110 KB|uhttps://publications.gc.ca/collections/collection_2023/sc-hc/H14-424-3-2022-crg.pdf |
| 856 | 4 |qHTML|sN/A|uhttps://www.canada.ca/en/services/health/healthy-living/dental-oral/canada-dental-benefit-multilingual-resources/fact-sheets/michif-cree.html |
| 986 | |a230042 |